|
|
|
|
| LEADER |
01020nam a2200277 a 4500 |
| 001 |
13415408 |
| 008 |
090908s2003 njua f 000 0 eng d |
| 010 |
|
|
|a 2003277404
|
| 020 |
|
|
|a 0768910811
|
| 040 |
|
|
|a DLC
|c DLC
|
| 082 |
0 |
4 |
|a 808.02
|2 21
|
| 100 |
1 |
|
|a Teitelbaum, Harry.
|
| 245 |
1 |
0 |
|a How to write a thesis /
|c Harry Teitelbaum.
|
| 250 |
|
|
|a 5th ed.
|
| 260 |
|
|
|a Lawrenceville, NJ :
|b Thomson/Arco,
|c c2003.
|
| 300 |
|
|
|a vii, 132 p. :
|b ill. ;
|c 23 cm.
|
| 490 |
1 |
|
|a Stepbystep
|
| 500 |
|
|
|a "An Arco book"--T.p. verso.
|
| 541 |
1 |
|
|e 00014244
|
| 650 |
|
0 |
|a Dissertations, Academic
|v Handbooks, manuals, etc.
|
| 650 |
|
0 |
|a Report writing
|v Handbooks, manuals, etc.
|
| 710 |
2 |
|
|a Arco Publishing.
|
| 830 |
|
0 |
|a Step by step (Thomson Learning (Firm))
|
| 852 |
4 |
|
|a Ayesha Abed Library
|j General shelf
|
| 999 |
|
|
|c 3956
|d 3956
|
| 952 |
|
|
|0 0
|1 0
|2 ddc
|4 0
|6 808_020000000000000_TEI_2003
|7 0
|9 3640
|a BRACUL
|b BRACUL
|c GEN
|d 2009-09-16
|g 158.00
|l 9
|m 70
|o 808.02 TEI
|p 3010014244
|q 2026-05-21
|r 2025-10-20
|s 2025-10-20
|t 1
|v 316.00
|w 2009-09-16
|y BK
|